Ночь: Рассказы

Λεπτομέρειες βιβλιογραφικής εγγραφής
Κύριος συγγραφέας: Толстая Т. Н. Татьяна Никитична
Περίληψη:Исключено из фонда НТБ ТПУ
Γλώσσα:Ρωσικά
Έκδοση: Москва, Подкова, 2002
Μορφή: Βιβλίο
KOHA link:https://koha.lib.tpu.ru/cgi-bin/koha/opac-detail.pl?biblionumber=42048

MARC

LEADER 00000nam0a2200000 4500
001 42048
005 20231101210726.0
010 |a 5945840327 
035 |a (RuTPU)RU\TPU\book\43228 
090 |a 42048 
100 |a 20020729d2002 m y0rusy50 ca 
101 0 |a rus 
102 |a RU 
105 |a y z 000ay 
200 1 |a Ночь  |e Рассказы  |f Т. Н. Толстая 
210 |a Москва  |c Подкова  |d 2002 
215 |a 352 с. 
333 |a Исключено из фонда НТБ ТПУ 
700 1 |a Толстая  |b Т. Н.  |c русская писательница  |c внучка А. Н. Толстого  |c публицист  |f 1951-  |g Татьяна Никитична  |9 2396 
801 1 |a RU  |b 63413507  |c 20020729  |g PSBO 
801 2 |a RU  |b 63413507  |c 20201208  |g PSBO 
942 |c BK